| 000 | 00466nam a2200169 a 4500 | ||
|---|---|---|---|
| 001 | 4121 | ||
| 003 | CDMR | ||
| 005 | 20131022103201.0 | ||
| 008 | 130130s1973||||||||||||||||||||||||||||d | ||
| 040 |
_aCDMR _bcat _cCDMR |
||
| 245 | 3 |
_aAnálisis de las imágenes _cChristian Metz...[et al.] |
|
| 260 |
_aBuenos Aires _c1973 _bTiempo Contemporáneo |
||
| 300 | _a302 p. | ||
| 490 | 0 |
_aCiencias Sociales. _aComunicaciones |
|
| 700 | 1 |
_94021 _aMetz, Christian |
|
| 942 |
_cMON _2udc |
||
| 999 |
_c4121 _d4121 |
||